000 00742nam a2200289Ia 4500
001 Z_4054
003 CHAP
008 220113s1978 xx 000 0 und d
010 _a167116
040 _cCHAP
082 _a589.2 V35
100 _aVanbreuseghem, R
_9117837
245 _aPractical guide to medical and veterinary mycology /
_cpor R Vanbreuseghem, Ch. de Vroey and M. Takashio
260 _aMéxico, D.F. :
_bMasson,
_c1978
300 _a270 p. : il.
440 _a
500 _a
503 _a127074
650 _aHongos patógenos I. Vroey, Ch de II. Takashio, M
_9141291
650 _aMicología
_975476
901 _a589.2 V35
902 _aA
910 _a1978
942 _c1
942 _cc1
999 _c167116
_d167116